| 000 | 00728nam a22002297a 4500 | ||
|---|---|---|---|
| 005 | 20170124110027.0 | ||
| 010 | _aA-549028 | ||
| 020 |
_c95.00 _a0876927193 |
||
| 035 | _aA-549028 | ||
| 037 | _bCen Lib/Ret | ||
| 040 |
_aDPL _bEN |
||
| 082 |
_a621.382 _bLAF |
||
| 100 |
_aLafrance, Pierre _920917 |
||
| 245 |
_aFundamental concepts in communication / _cby Pierre Lafrance |
||
| 260 |
_aNew Delhi _bPrentice-Hall of India _c1990 |
||
| 270 |
_aM-97, Connaught Circus _bNew Delhi _e110001 |
||
| 300 |
_axiv, 432p. : _c22cm(Hb) _bill. |
||
| 500 | _aIncludes bibliographical references and index | ||
| 650 |
_aCommunication. _99469 |
||
| 650 |
_aInformation theory. _920918 |
||
| 942 |
_2ddc _cEN _h621.382 _mLAF |
||
| 999 |
_c127582 _d127582 |
||